| 000 | 00407nam a22001457a 4500 | ||
|---|---|---|---|
| 082 |
_a526.9 _bTHO |
||
| 100 |
_aW. Norman Thomas _939708 |
||
| 245 |
_aSurveying _cThomas, W. Norman |
||
| 260 |
_bThe english language book society _c1961 |
||
| 300 |
_aviii, 643p. _bill. |
||
| 526 |
_a0 _b0 _c0 _d526_900000000000000_THO |
||
| 526 |
_a0 _b0 _c0 _d526_900000000000000_THO |
||
| 650 |
_aMCE _9379 |
||
| 942 |
_2ddc _cBK |
||
| 999 |
_c544153 _d544153 |
||